KOHA-Header-6

Guyton & hall textbook of Medical Physiology (Record no. 1093)

000 -LEADER
fixed length control field 00311nam a2200121Ia 4500
008 - FIXED-LENGTH DATA ELEMENTS--GENERAL INFORMATION
fixed length control field 190722s9999 xx 000 0 und d
020 ## - INTERNATIONAL STANDARD BOOK NUMBER
International Standard Book Number 978-81-312-4307-7
100 ## - MAIN ENTRY--PERSONAL NAME
Personal name John E.Hall
245 #0 - TITLE STATEMENT
Title Guyton & hall textbook of Medical Physiology
260 ## - PUBLICATION, DISTRIBUTION, ETC. (IMPRINT)
Place of publication, distribution, etc India
Name of publisher, distributor, etc Elsevier
Date of publication, distribution, etc 2016
300 ## - PHYSICAL DESCRIPTION
Extent 1145
942 ## - ADDED ENTRY ELEMENTS (KOHA)
Koha item type Books
Holdings
Withdrawn status Lost status Source of classification or shelving scheme Damaged status Not for loan Collection code Permanent Location Current Location Shelving location Date acquired Total Checkouts Total Renewals Full call number Barcode Checked out Date last seen Date checked out Price effective from Koha item type
          Bio Sciences MAJU MAJU Shelf No.A37 2019-07-22 11 28 612 7718 2023-05-23 2023-04-18 2023-04-18 2019-07-22 Bio Science

Powered by Koha